000 00335nam a2200145Ia 4500
008 150201s2008 xx 000 0 und d
082 _a617.732
_bH08M
100 _aMAKHIJA, NEELAM
245 2 _aA HB OF FIRST- AID
250 _a1ST
260 _bA.P. JAIN
_aDELHI
_c2008
300 _a305
650 _aFIRST AID
942 _2ddc
_cBK
_06
999 _c2458
_d2458